000 00647nam a22002057a 4500
005 20150124124322.0
008 130313t mx||||| |||| 00| 0 spa d
020 _a9789701021699
050 0 4 _aKGF2921.N9
_bM67 1999
100 1 _aMoral Padilla, Luis
245 1 0 _aNotas de derecho constitucional y administrativo /
_cLuis Moral Padilla
250 _a2a ed.
260 _aMéxico :
_bMcGraw-Hill,
_cc1999
300 _a188 p. :
_bil. ;
_c23 cm.
490 0 _aJurídica
504 _aIncluye bibliografía
650 7 _2Lemb
_aDerecho constitucional
_vNotas
_zMéxico
650 7 _2Lemb
_aDerecho administrativo
_vNotas
_zMéxico
942 _2lcc
_cLIB
999 _c36430
_d36430